[Event "Cairo Egyptian op"]
[Site "Cairo"]
[Date "2016.04.24"]
[Round "3"]
[White "Awadhom, Elsayed"]
[Black "Nyazi, Nehad"]
[Result "0-1"]
[WhiteElo "2047"]
[BlackElo "2242"]
[PlyCount "114"]
[EventDate "2016.04.22"]
[EventType "swiss"]
[EventRounds "9"]
[EventCountry "EGY"]
[SourceTitle "CBM 172 Extra"]
[Source "ChessBase"]
[SourceDate "2016.06.21"]
[SourceVersion "1"]
[SourceVersionDate "2016.06.21"]
[SourceQuality "1"]

1. e4 c6 2. d3 d5 3. Nd2 e5 4. Ngf3 Bd6 5. d4 exd4 6. Bd3 Ne7 7. exd5 Nxd5 8. 0-0 0-0 9. Ne4 Be7 10. Nxd4 Nb4 11. Be2 c5 12. Nb5 Bf5 13. Qxd8 Rxd8 14. Ng3 Bg6 15. f4 Nxc2 16. f5 Nxa1 17. Nc7 Nc6 18. Nxa8 Rxa8 19. fxg6 hxg6 20. Bc4 Ne5 21. Bd5 Rd8 22. Bxb7 Nc2 23. Be4 Nd4 24. Bf4 Ng4 25. h3 Nf6 26. Bb7 Bd6 27. Bxd6 Rxd6 28. b3 Rb6 29. Be4 Ne2+ 30. Nxe2 Nxe4 31. Rc1 Ra6 32. Rc2 f5 33. Nc1 Rd6 34. Kh2 g5 35. Ne2 Rd3 36. Nc1 Re3 37. g4 g6 38. Rg2 Kf7 39. gxf5 gxf5 40. Rc2 Kf6 41. b4 cxb4 42. Nb3 Rc3 43. Re2 Ke5 44. Nd2 a5 45. Kg2 Kf4 46. Nb3 a4 47. Nd4 Rg3+ 48. Kh2 Rd3 49. Nc6 b3 50. Nb4 Rd2 51. Rxd2 Nxd2 52. axb3 Nxb3 53. Kg2 a3 54. Kf2 Ke4 55. Kg3 Nc1 56. h4 f4+ 57. Kg4 f3 0-1